LIBRARY & INFORMATION CENTRE, KCAET, TAVANUR

ONLINE PUBLIC ACCESS CATALOGUE (OPAC)

Pushpavum phalavum / (Record no. 6227)

MARC details
000 -LEADER
fixed length control field 00814cam a2200337ua 4500
041 ## - LANGUAGE CODE
Language code of text/sound track or separate title mal
082 ## - DEWEY DECIMAL CLASSIFICATION NUMBER
Classification number 635.9
Item number JOS/PU
100 ## - MAIN ENTRY--AUTHOR NAME
Personal name Joseph, K O .
245 ## - TITLE STATEMENT
Title Pushpavum phalavum /
250 ## - EDITION STATEMENT
Edition statement 1 /
260 ## - PUBLICATION, DISTRIBUTION, ETC. (IMPRINT)
Place of publication Thiruvananthapuram :
Name of publisher State Instititute of Languages ,
Year of publication 1973.
300 ## - PHYSICAL DESCRIPTION
Number of Pages 303 ; .
500 ## - GENERAL NOTE
General note 13874 Withdrawn
700 1# - ADDED ENTRY--PERSONAL NAME
Personal name Mohanavarma Raju, r .
700 1# - ADDED ENTRY--PERSONAL NAME
Personal name Paul, P P .
942 ## - ADDED ENTRY ELEMENTS (KOHA)
Koha item type Books
Holdings
Withdrawn status Lost status Damaged status Home library Current library Date acquired Full call number Accession Number Koha item type
Withdrawn   Damaged KAUAET KAUAET 07/04/2012 635.9 13794 Books
Withdrawn   Damaged KAUAET KAUAET 07/04/2012 635.9 13560 Books
Withdrawn   Damaged KAUAET KAUAET 07/04/2012 635.9 13791 Books
Withdrawn   Damaged KAUAET KAUAET 07/04/2012 635.9 13949 Books
Withdrawn   Damaged KAUAET KAUAET 07/04/2012 635.9 13950 Books
Withdrawn   Damaged KAUAET KAUAET 07/04/2012 635.9 13874 Books
Withdrawn   Damaged KAUAET KAUAET 07/04/2012 635.9 13792 Books
Withdrawn   Damaged KAUAET KAUAET 07/04/2012 635.9 13947 Books
Withdrawn   Damaged KAUAET KAUAET 07/04/2012 635.9 13793 Books
Withdrawn   Damaged KAUAET KAUAET 07/04/2012 635.9 13790 Books
      KAUAET KAUAET 07/04/2012 635.9 13948 Books
free website counter